01665nam a2200373 a 4500001001000000003000500010005001700015008004100032010001100073011001100084040000900095090001000104100005000114245022800164260004100392500006000433502006900493590004100562590004100603590004000644590004000684590004000724650003900764650003800803650003100841650003100872856007000903901000700973942001000980942000600990999001900996952014001015952013601155000110985CHAP20220329144153.0141104s2014 mx a |sm |||||||spa d a107447 a108419 cCHAP aTesis1 aCortés Hernández, Jesús Eduardo912876110aSusceptibilidad de maices híbridos y criollos a la inoculación artificial de huitlacoche [Ustilago maydis (D.C.) Cda.], en el valle agrícola de Rioverde, S.L.P.h[En línea]cpor Jesús Eduardo Cortés Hernández. aChapingo, Méx. :bEl autor,c2014. aPara ver el contenido del material haga clic en la liga aTesis (Ing. Agr. Esp. en Suelos) -- UACH. Departamento de Suelos aE11695DGDb10c20141112lUCH01h1108 aE11695DGDb10c20141112lUCH01h1112 aE5652GLJb05c20141104lUCH01h1454 aE5652GLJb05c20141110lUCH01h0837 aE5652GLJb05c20141110lUCH01h083714aCuitlacochexInoculación.93019714aCuitlacochexRendimiento.912437814aMaízxHíbridos.97097414aMaízxVariedades.971081 aFinding aiduhttp://10.13.5.2/tesis/sist110985.pdfzTeclea aquí aBK cTESIS n0 c107447d107447 00104054718TESISaBCbBCd2014-11-10fTESISl0oTesisp33724002428149r2019-12-31 00:00:00t"0w2019-12-31yTESISzRecien adquirido 00104054718TESISaBCbBCd2014-11-10fTESISl0oTesisp33724002428181r2019-12-31 00:00:00w2019-12-31yTESISzRecien adquirido